| 000 | 00705nam a22002297a 4500 | ||
|---|---|---|---|
| 003 | UA-OsUOA | ||
| 001 | 60480 | ||
| 007 | ta | ||
| 008 | 20090521b un ||||| |||| 00| 0 ukr d | ||
| 090 |
_a061.12(091)(477) _bИ90 |
||
| 942 | _cBK | ||
| 040 |
_aUA-OsUOA _bukr _cUA-OsUOA _dUA-OsUOA |
||
| 245 |
_aІсторія Національної Академії Наук України (1934-1937) _bДокументи і матеріали _cВідп. ред. О.С.Онищенко |
||
| 300 | _a831 с. | ||
| 955 | _a1 | ||
| 041 | _aukr | ||
| 080 | _a061.12(091)(477) | ||
| 020 | _a966-02-2979-8 | ||
| 260 |
_aК. _bНБУВ _c2003 |
||
| 650 | 7 |
_a0 Загальний відділ. _2UDC |
|
| 999 |
_c346457 _d346457 |
||